000 00635nam a2200205Ia 4500
005 20260121110318.0
008 008 260114s9999 xx 000 0 hin d
020 _a9788132352594
037 _aEBOOK
040 _aCRL
_bhin
_cCRL
041 _ahin
_2hin
084 _qCRL
100 _aअंजनी प्रसाद / Anjani Prasad
_9944634
245 0 _aC++प्रोग्रामिंग / C++ Programming
260 _bभाषा प्रकाशन / Bhasha Prakashan
_c2020
856 _uhttps://bhashaprakashan.com/product-details/382313
942 _cEBOOK
999 _c1536298
_d1536298